| 000 | 01604nam a2200289Ia 4500 | ||
|---|---|---|---|
| 999 |
_c54179 _d54179 |
||
| 001 | 21235 | ||
| 003 | GE_BSU | ||
| 005 | 20210204125913.0 | ||
| 008 | 181216s2015||||ge |||||||||||||| ||geo|| | ||
| 020 | _a9789941233647 | ||
| 040 | _cGE_BSU | ||
| 041 | _ageo | ||
| 080 | _a821.14'01-13=353.1 ჰ-80 | ||
| 100 |
_aჰომეროსი _910092 |
||
| 245 |
_aილიადა / _cჰომეროსი ; ძვ. ბერძნულიდან თარგმნა და კომენტ. დაურთო ლევან ბერძენიშვილმა ; რედ. ლელა ტუღუში ; ყდის დიზაინერი ნათია კვარაცხელია ; დიზაინერები: ია მახათაძე, ლადო ლომსაძე. |
||
| 264 |
_aთბილისი. _bბაკურ სულაკაურის გამ-ბა, _c2015. |
||
| 300 |
_a501 გვ. ; _b20 სმ. |
||
| 653 | _aილიადა | ||
| 653 | _aლიტერატურა | ||
| 653 | _aძველი ბერძნული ლიტერატურა | ||
| 700 |
_aბერძენიშვილი, ლ. _eმთარგმნელი _93491 |
||
| 700 |
_aტუღუში, ლ. _eრედაქტორი _910093 |
||
| 700 |
_aკვარაცხელია, ნ. _eყდის დიზაინერი _93592 |
||
| 700 |
_aმახათაძე, ი. _eდიზაინერი _910094 |
||
| 700 |
_aლომსაძე, ლ. _eდიზაინერი _910095 |
||
| 942 |
_cBK _2udc |
||